Podnikateľský plán vybraného podniku diplomová práca

Na minha lista:
Detalhes bibliográficos
Autor principal: Dejčiková, Alžbeta
Autor Corporativo: Fakulta podnikového manažmentu EU. Katedra manažmentu
Outros Autores: Čambalíková, Andrea, 1990-
Formato: Livro
Idioma:eslovaco
Publicado em: Bratislava 2025
Tags: Adicionar Tag
Sem tags, seja o primeiro a adicionar uma tag!

MARC

LEADER 00000nbm a2200000 4500
001 0309903
005 20251217134406.4
041 0 |a slo 
044 |a SK 
245 1 0 |a Podnikateľský plán vybraného podniku  |b diplomová práca  |c Alžbeta Dejčiková ; školiteľ: Andrea Čambalíková 
264 1 |a Bratislava  |c 2025 
300 |a 83 s. 
100 1 |a Dejčiková, Alžbeta 
700 1 |a Čambalíková, Andrea, 1990- 
710 2 |a Fakulta podnikového manažmentu EU. Katedra manažmentu